00824cam a2200265 a 450000100060000000300080000600500170001400800410003102000150007203500190008704000340010604100080014008200280014810000230017624500630019926000450026230000350030750400390034265000470038165000220042865000340045065000280048465000290051270000170054112705BD-RjUL20211208235337.0140129s1983 mdua b 001 0 eng d a0683057545 a(BD-RjUL)12755 aDLCcDLCdDLCd(BD-RjUL)beng aeng00a617.56061219bMCS 19831 aMcCulloch, John A.10aSciatica and chymopapain /cJohn A. McCulloch, Ian Macnab. aBaltimore :bWilliams & Wilkins,cc1983. aviii, 225 p. :bill. ;c24 cm. aIncludes bibliographies and index. 0aIntervertebral diskxHerniaxChemotherapy. 0aChemonucleolysis. 0aChymopapainxTherapeutic use. 0aSciaticaxChemotherapy. 0aInjections, Intradiscal.1 aMacnab, Ian.